| 000 | 00807nas a2200253 4500 | ||
|---|---|---|---|
| 001 | BR2011001438 | ||
| 003 | BR-BrBNA | ||
| 005 | 20231205114858.0 | ||
| 007 | ta | ||
| 008 | 230509b bl.|||p| |||| 00| 00por d | ||
| 040 |
_aBR-BrBNA _bpor _cBiblioteca Nacional de Agricultura |
||
| 041 | _a(Pt) | ||
| 072 | _aH01 | ||
| 100 | 1 | _aCunha, J.P.A.R. | |
| 100 | 1 | _aAlves, G.S. | |
| 100 | 1 | _aReis, E.F. | |
| 245 | 1 | _aEfeito da temperatura nas características físico-químicas de soluções aquosas com adjuvantes de uso agrícola | |
| 650 | _aPROPRIEDADE FÍSICO-QUÍMICA | ||
| 650 | _aTEMPERATURA | ||
| 650 | _aAGROTÓXICO | ||
| 773 | 0 |
_tPlanta Daninha (Brazil) _xISSN 0100-8358 _g(Jul-Sep 2010), v. 28(3) p. 665-672 _wBR2011001438 |
|
| 909 |
_a202311 _bLúcia _c55 _dLúcia Elande |
||
| 942 |
_2AGRIS _n0 _cANA |
||
| 999 |
_c210978 _d210978 |
||